000 00480nam a22001697a 4500
003 NUST - PNEC
005 20170116181022.0
008 150915b xxu||||| |||| 00| 0 eng d
020 _a8126504382
040 _cLIBRARY
082 _a621.56 AND
100 _910702
_aAnderson, Edwin P
245 _aRefrigeration, home and commercial
_cEdwin P Anderson
260 _c2003
650 _98091
_aRefrigeration and refrigerating machinery--Electric equipment
_xEE
942 _2ddc
_cBK
999 _c67434
_d67434